Statystyki dla Kierowcy F1 2006

Kliknij tutaj aby rozwiązać quiz!

Ogólne statystyki

  • Ten quiz został rozwiązany 26 razy
  • Średni wynik to 16 z 27

Statystyki odpowiedzi

ZespółKierowca% Poprawnych
Team McLaren MercedesKimi Raikkonen
100%
Scuderia Ferrari MarlboroMichael Schumacher
100%
Felipe Massa
95%
Mild Seven Renault F1 TeamFernando Alonso
95%
Panasonic Toyota RacingRalf Schumacher
95%
Robert Kubica
95%
Jenson Button
82%
BMW Sauber F1 TeamNick Heidfeld
82%
Williams F1 TeamMark Webber
73%
Juan Pablo Montoya
68%
Red Bull RacingDavid Coulthard
64%
Giancarlo Fisichella
64%
Nico Rosberg
64%
Lucky Strike Honda Racing F1 TeamRubens Barrichello
64%
Jacques Villeneuve
59%
Jarno Trulli
59%
Super Aguri F1 TeamTakuma Sato
50%
Scuderia Toro RossoVitantonio Liuzzi
50%
Scott Speed
45%
Christian Klien
41%
Pedro de la Rosa
41%
Christijan Albers
32%
Sakon Yamamoto
27%
Yuji Ide
23%
Robert Doornbos
14%
Midland F1 Racing/Spyker MF1 RacingTiago Monteiro
14%
Franck Montagny
9%

Rozkład punktacji

Percentyl według liczby udzielonych odpowiedzi

Procent ludzi z każdym wynikiem

Twoja historia wyników

Nie rozwiązałeś tego quizu